<?xml version="1.0" encoding="UTF-8"?><?xml-stylesheet type="text/xsl" href="static/style.xsl"?><OAI-PMH xmlns="http://www.openarchives.org/OAI/2.0/" xmlns:xsi="http://www.w3.org/2001/XMLSchema-instance" xsi:schemaLocation="http://www.openarchives.org/OAI/2.0/ http://www.openarchives.org/OAI/2.0/OAI-PMH.xsd"><responseDate>2026-04-13T16:56:18Z</responseDate><request verb="GetRecord" identifier="oai:www.recercat.cat:11351/13859" metadataPrefix="marc">https://recercat.cat/oai/request</request><GetRecord><record><header><identifier>oai:recercat.cat:11351/13859</identifier><datestamp>2025-10-23T14:27:49Z</datestamp><setSpec>com_2072_378071</setSpec><setSpec>com_2072_378040</setSpec><setSpec>col_2072_378097</setSpec></header><metadata><record xmlns="http://www.loc.gov/MARC21/slim" xmlns:dcterms="http://purl.org/dc/terms/" xmlns:xsi="http://www.w3.org/2001/XMLSchema-instance" xmlns:doc="http://www.lyncode.com/xoai" xsi:schemaLocation="http://www.loc.gov/MARC21/slim http://www.loc.gov/standards/marcxml/schema/MARC21slim.xsd">
   <leader>00925njm 22002777a 4500</leader>
   <datafield ind2=" " ind1=" " tag="042">
      <subfield code="a">dc</subfield>
   </datafield>
   <datafield ind2=" " ind1=" " tag="720">
      <subfield code="a">Casanova, Franc</subfield>
      <subfield code="e">author</subfield>
   </datafield>
   <datafield ind2=" " ind1=" " tag="720">
      <subfield code="a">Kotton, Camille</subfield>
      <subfield code="e">author</subfield>
   </datafield>
   <datafield ind2=" " ind1=" " tag="720">
      <subfield code="a">Donadeu Casassas, Laura</subfield>
      <subfield code="e">author</subfield>
   </datafield>
   <datafield ind2=" " ind1=" " tag="720">
      <subfield code="a">Kumar, Deepali</subfield>
      <subfield code="e">author</subfield>
   </datafield>
   <datafield ind2=" " ind1=" " tag="720">
      <subfield code="a">Pineda SanJuan, Silvia</subfield>
      <subfield code="e">author</subfield>
   </datafield>
   <datafield ind2=" " ind1=" " tag="720">
      <subfield code="a">Martínez Lacalle, Anna</subfield>
      <subfield code="e">author</subfield>
   </datafield>
   <datafield ind2=" " ind1=" " tag="720">
      <subfield code="a">Castañeda Amado, Zaira Ivette</subfield>
      <subfield code="e">author</subfield>
   </datafield>
   <datafield ind2=" " ind1=" " tag="720">
      <subfield code="a">KERVELLA, Delphine</subfield>
      <subfield code="e">author</subfield>
   </datafield>
   <datafield ind2=" " ind1=" " tag="720">
      <subfield code="a">Crespo, Elena</subfield>
      <subfield code="e">author</subfield>
   </datafield>
   <datafield ind2=" " ind1=" " tag="720">
      <subfield code="a">Meneghini, Maria</subfield>
      <subfield code="e">author</subfield>
   </datafield>
   <datafield ind2=" " ind1=" " tag="720">
      <subfield code="a">Torres, Irina B.</subfield>
      <subfield code="e">author</subfield>
   </datafield>
   <datafield ind2=" " ind1=" " tag="720">
      <subfield code="a">Martínez Gallo, Mónica</subfield>
      <subfield code="e">author</subfield>
   </datafield>
   <datafield ind2=" " ind1=" " tag="720">
      <subfield code="a">Len, Oscar</subfield>
      <subfield code="e">author</subfield>
   </datafield>
   <datafield ind2=" " ind1=" " tag="720">
      <subfield code="a">Los-Arcos, Ibai</subfield>
      <subfield code="e">author</subfield>
   </datafield>
   <datafield ind2=" " ind1=" " tag="720">
      <subfield code="a">Enrique, Trilla Herrera</subfield>
      <subfield code="e">author</subfield>
   </datafield>
   <datafield ind2=" " ind1=" " tag="720">
      <subfield code="a">Miret Alomar, Enric</subfield>
      <subfield code="e">author</subfield>
   </datafield>
   <datafield ind2=" " ind1=" " tag="720">
      <subfield code="a">Moreso, Francesc</subfield>
      <subfield code="e">author</subfield>
   </datafield>
   <datafield ind2=" " ind1=" " tag="720">
      <subfield code="a">Bestard, Oriol</subfield>
      <subfield code="e">author</subfield>
   </datafield>
   <datafield ind2=" " ind1=" " tag="260">
      <subfield code="c">2025-10-15T10:06:56Z</subfield>
   </datafield>
   <datafield ind2=" " ind1=" " tag="260">
      <subfield code="c">2025-10-15T10:06:56Z</subfield>
   </datafield>
   <datafield ind2=" " ind1=" " tag="260">
      <subfield code="c">2025-09</subfield>
   </datafield>
   <datafield ind2=" " ind1=" " tag="520">
      <subfield code="a">Breastfeeding; Breast cancer</subfield>
   </datafield>
   <datafield ind2=" " ind1=" " tag="520">
      <subfield code="a">Lactancia materna; Cáncer de mama</subfield>
   </datafield>
   <datafield ind2=" " ind1=" " tag="520">
      <subfield code="a">Lactància materna; Càncer de mama</subfield>
   </datafield>
   <datafield ind2=" " ind1=" " tag="520">
      <subfield code="a">Background: We investigated safety of breastfeeding after breast cancer in patients carrying germline BRCA pathogenic or likely pathogenic variants.&#xd;
Methods: This was an international, multicentre, hospital-based, retrospective cohort study including BRCA carriers diagnosed with stage I-III invasive breast cancer at age 40 years or younger between January 2000 and December 2020 (NCT03673306). Locoregional recurrences and/or contralateral breast cancers, disease-free survival (DFS) and overall survival (OS) were compared between patients who breastfed after delivery and those who did not.&#xd;
Results: Among 4732 patients included from 78 centres worldwide, 659 had a pregnancy after breast cancer diagnosis, of whom 474 delivered a child. After excluding patients with uptake of bilateral risk-reducing mastectomy prior to delivery (n = 225) or unknown breastfeeding status (n = 71), 110 (61.8%) breastfed (median duration 5 months) and 68 (38.2%) did not breastfeed. Compared to patients in the no breastfeeding group, those who breastfed were more frequently nulliparous at breast cancer diagnosis (61.8% vs 45.6%) and did not report prior smoking habit (71.8% vs 57.4%).After a median follow up of 7.0 years following delivery, 7-year cumulative incidence of locoregional recurrences and/or contralateral breast cancers was 29% in the breastfeeding group and 37% in the no breastfeeding group (adjusted subdistribution hazard ratio[HR]=1.08, 95%CI 0.57-2.06). No difference in DFS (aHR = 0.83, 95%CI 0.49-1.41) nor in OS (aHR = 1.32, 95%CI 0.31-5.66) was observed.&#xd;
Conclusions: Breastfeeding did not appear to be associated with a higher risk of developing locoregional recurrences or contralateral breast cancers, emphasizing the possibility of achieving a balance between maternal and infant needs without compromising oncological safety.</subfield>
   </datafield>
   <datafield ind2=" " ind1=" " tag="520">
      <subfield code="a">LD received a research fellowship grant from the “Instituto de Salud Carlos III” [FI22/00252]. OB’s research activity is partly supported by Instituto de Salud Carlos III (ISCII) (grant numbers PI19/01710 and PI22/01019) (Cofunded by European Regional Development Fund, ERDF-ESF, a way to build Europe) and RICORS (redes de Investigación Cooperativa Orientadas a Resultados en Salud) consortia by the Instituto de Salud Carlos III. In addition, the work was partially funded by a European Union’s Horizon 2020 research and innovation program under grant agreement No 754995 (EUTRAIN). The findings and conclusions in this report are those of the authors and do not necessarily represent the official position of the funding institutions.</subfield>
   </datafield>
   <datafield tag="653" ind2=" " ind1=" ">
      <subfield code="a">Mama - Càncer - Aspectes genètics</subfield>
   </datafield>
   <datafield tag="653" ind2=" " ind1=" ">
      <subfield code="a">Alletament</subfield>
   </datafield>
   <datafield tag="653" ind2=" " ind1=" ">
      <subfield code="a">DISEASES::Neoplasms::Neoplasms by Site::Breast Neoplasms</subfield>
   </datafield>
   <datafield tag="653" ind2=" " ind1=" ">
      <subfield code="a">Other subheadings::Other subheadings::Other subheadings::/genetics</subfield>
   </datafield>
   <datafield tag="653" ind2=" " ind1=" ">
      <subfield code="a">PSYCHIATRY AND PSYCHOLOGY::Behavior and Behavior Mechanisms::Behavior::Feeding Behavior::Breast Feeding</subfield>
   </datafield>
   <datafield tag="653" ind2=" " ind1=" ">
      <subfield code="a">ENFERMEDADES::neoplasias::neoplasias por localización::neoplasias de la mama</subfield>
   </datafield>
   <datafield tag="653" ind2=" " ind1=" ">
      <subfield code="a">Otros calificadores::Otros calificadores::Otros calificadores::/genética</subfield>
   </datafield>
   <datafield tag="653" ind2=" " ind1=" ">
      <subfield code="a">PSIQUIATRÍA Y PSICOLOGÍA::conducta y mecanismos de la conducta::conducta::conducta alimentaria::lactancia materna</subfield>
   </datafield>
   <datafield ind2="0" ind1="0" tag="245">
      <subfield code="a">A New Prognostic Score Based on Cell-Mediated Immunity for Cytomegalovirus Infection After Transplantation</subfield>
   </datafield>
</record></metadata></record></GetRecord></OAI-PMH>